Research Bulletin 2007 (Record no. 586085)

000 -LEADER
fixed length control field 00387nam a22001337a 4500
082 ## - DEWEY DECIMAL CLASSIFICATION NUMBER
Classification number 332.095957021 SBP
100 ## - MAIN ENTRY--PERSONAL NAME
Personal name State Bank of Pakistan
245 ## - TITLE STATEMENT
Title Research Bulletin 2007
Statement of responsibility, etc. State Bank of Pakistan
250 ## - EDITION STATEMENT
Edition statement Volume 3, No. 2
260 ## - PUBLICATION, DISTRIBUTION, ETC.
Place of publication, distribution, etc. Karachi
Name of publisher, distributor, etc. State Bank Printing Press
Date of publication, distribution, etc. 2007
300 ## - PHYSICAL DESCRIPTION
Extent 235p
942 ## - ADDED ENTRY ELEMENTS (KOHA)
Source of classification or shelving scheme
Koha item type Book
Holdings
Withdrawn status Lost status Source of classification or shelving scheme Damaged status Not for loan Permanent Location Current Location Date acquired Total Checkouts Full call number Barcode Date last seen Price effective from Koha item type
          Central Library (CL) Central Library (CL) 08/04/2021   332.095957021 SBP S3H-R-245 08/04/2021 08/04/2021 Book
          Central Library (CL) Central Library (CL) 08/04/2021   332.095957021 SBP S3H-R-244 08/04/2021 08/04/2021 Book
© 2023 Central Library, National University of Sciences and Technology. All Rights Reserved.